000 00461nam a2200181Ia 4500
001 14029
005 20260306164844.0
008 260306t2014||||xx |||||||||||||| ||spa||
041 _aESP
082 _a005.82
_bS78
100 _aStallings, William
_eAUT
245 0 _aCryptography and network security:
_bprinciples and practice
260 _c2014
300 _axix, 731 páginas :
_c24 cm.
650 _aGEN
654 _aCCC
942 _cLIB
_dJUS
_fJUS
_2ddc
_n
999 _c14029
_d14029